000 00615nam a2200217Ia 4500
001 12501
003 GE_BSU
008 181216s||||||||xx |||||||||||||| ||und||
040 _cGE_BSU
080 _a575.17
100 _aДубинин,Н.П. Глембоцкий,Я.Л.
245 _aГенетика популяции и селекция
245 _cРед.В.А.Шевченко
260 _aМосква
260 _bНаука
260 _c1967
300 _a591стр.24см.илл.
300 _eТаблицы
653 _aГенетика популяции и селекция
942 _cBK
999 _c45675
_d45675